Statistics for Donner Party Members by age

Click here to take the quiz!

General Stats

  • This quiz has been taken 17 times
  • The average score is 55 of 91

Answer Stats

HintAnswer% Correct
62George Donner
100%
8George Donner
100%
13Elitha Donner
90%
45Elizabeth Donner
90%
2Eliza Donner
90%
6Frances Donner
90%
3Georgia Donner
90%
5Isaac Donner
90%
65Jacob Donner
90%
11Leanna Donner
90%
3Lewis Donner
90%
8Mary Donner
90%
4Samuel Donner
90%
45Tamsen Donner
90%
46James Reed
80%
5James Reed Jr.
80%
33Margaret Reed
80%
8Martha Reed
80%
20Noah James
80%
4Thomas Reed
80%
13Virginia Reed
80%
25Eleanor Eddy
70%
3James Eddy
70%
29William Eddy
70%
24Baylis Williams
60%
35Charles Stanton
60%
15Eleanor Graves
60%
47Elizabeth Graves
60%
1Elizabeth Graves Jr.
60%
57Franklin Graves
60%
5Franklin Graves Jr.
60%
60Hardcoop
60%
29Hiram Miller
60%
6Johnathon Graves
60%
28John Denton
60%
15John Landrum Murphy
60%
50Lavinia Murphy
60%
12Lemuel Murphy
60%
13Lovina Graves
60%
19Luis
60%
2Margaret Eddy
60%
19Mary Ann Graves
60%
14Mary Murphy
60%
9Nancy Graves
60%
28Salvador
60%
9Simon Murphy
60%
18William Graves
60%
11William Murphy
60%
3Ada Keseberg
50%
24Amanda McCutcheon
50%
26Antonio
50%
30Augustus Spitzer
50%
18Doris Wolfinger
50%
13Edward Breen
50%
31Eliza Williams
50%
2Harriet McCutcheon
50%
1Isabella Breen
50%
26Jacob Wolfinger
50%
5James Breen
50%
25James Smith
50%
18John Baptiste Trudeau
50%
14John Breen
50%
2Lewis Keseberg
50%
32Lewis Keseberg
50%
40Margaret Breen
50%
28Milt Elliot
50%
51Patrick Breen
50%
9Patrick Breen Jr.
50%
35Patrick Dolan
50%
3Peter Breen
50%
22Philippine Keseberg
50%
25Samuel Shoemaker
50%
70Sarah Keyes
50%
8Simon Breen
50%
13Solomon Hook
50%
12William Hook
50%
30William McCutcheon
50%
2Catherine Pike
40%
30Charles Burger
40%
4George Foster
40%
21Harriet Murphy Pike
40%
25John Snyder
40%
30Joseph Reinhardt
40%
2Naomi Pike
40%
23Sarah Murphy Foster
40%
28William Foster
40%
25William Pike
40%
23Jay Fosdick
30%
25Luke Halloran
30%
27Sara Graves Fosdick
30%
25Walter Herron
30%

Score Distribution

Percentile by Number Answered

Percent of People with Each Score

Your Score History

You have not taken this quiz